Awang yang perkasa

Bibliographic Details
Format: Book
Published: Selangor : Penerbit Mega Setia Emas , 2005
Series:Siri mitos nusantara
Subjects:

MARC

LEADER 00000cam a2200000 7i4500
001 0000001392
005 20151222.0
008 070705
020 |a 9831434048 
020 |a 983143417X(set) 
090 0 0 |a JF   |b FT MAL (1076) 
245 0 0 |a Awang yang perkasa   |c Diselenggarakan oleh Sulaiman Zakaria 
260 |a Selangor :   |b Penerbit Mega Setia Emas ,   |c 2005 
440 |a Siri mitos nusantara 
500 |a Children ages 7-9 years old (orange) 
650 0 |a Fantasy fiction, Malay 
999 |a 0000007187   |b Book   |c Children Collection   |e Cawangan Taman Universiti 
999 |a 0000007188   |b Book   |c Children Collection   |e Cawangan Taman Universiti 
999 |a 0000007189   |b Book   |c Children Collection   |e Cawangan Taman Universiti 
999 |a 0000007190   |b Book   |c Children Collection   |e Cawangan Taman Universiti 
999 |a 0000958029   |b Book   |c Children Collection   |e Perbadanan Perpustakaan Awam Johor 
999 |a 0000958030   |b Book   |c Children Collection   |e Perbadanan Perpustakaan Awam Johor 
999 |a 0000958031   |b Book   |c Children Collection   |e Perbadanan Perpustakaan Awam Johor 
999 |a 0000958032   |b Book   |c Children Collection   |e Cawangan Muar 
999 |a 0000958033   |b Book   |c Children Collection   |e Perbadanan Perpustakaan Awam Johor